000 00280nam a22001337a 4500
008 190205b xxu||||| |||| 00| 0 eng d
020 _a003551412
041 _aeng
080 _a530
100 _a43
101 _aFIZ
245 _aProject Physics
_cRabi,I.I
942 _2udc
_cBK
999 _c54021
_d54021